Logos of Football Leagues - Statistics

General Stats
  • This quiz has been taken 220 times
  • The average score is 9 of 16
Answer Stats
Picture Answer % Correct
Premier League
99%
Major League Soccer
93%
Bundesliga
85%
LaLiga
84%
Serie A
79%
Ligue 1
77%
Eredivisie
66%
Saudi Pro League
54%
Süper Lig
45%
Scottish Premiership
39%
Chinese Super League
37%
Liga MX
31%
Allsvenskan
20%
Primeira Liga
19%
J1 League
13%
A-League Men
12%
No matching quizzes found
Score Distribution
Percent of People with Each Score
Percentile by Number Answered
Your Score History
You have not taken this quiz